00181nam a2200061 4500082001200000100005400012245005300066 a540 WOR aInternational Union of pure and applied chemistry aWorld chemistry leadership meeting 9th July 2001